Biotecnología para la esterilización y producción de monosexo en salmónidos

Salvato in:
Dettagli Bibliografici
Autori principali: Dazarola Metzger, Gabriel (Autore), Díaz Pérez, Nelson Félix (Autore), Yany González, Gabriel Elías (Autore), Cerisola B., Humberto (Autore)
Natura: Libro
Lingua:spagnolo
Pubblicazione: Valparaíso OTT 1999
Serie:Manuales de Innovación Tecnológica para la Acuicultura, 3
Soggetti:
Tags: Aggiungi Tag
Nessun Tag, puoi essere il primo ad aggiungerne!!

MARC

LEADER 00000nam a2200000 a 4500
001 UCP7789
003 CL-VaPUC
008 991223e19990000CL |||||||||||||||||spa|d
082 0 4 |a 597.016  |b DAZ  |2 21 
100 0 |a Dazarola Metzger, Gabriel  |e author  |9 437352 
700 |a Díaz Pérez, Nelson Félix   |e author  |9 453420 
700 0 |a Yany González, Gabriel Elías  |e author  |9 437354 
700 0 |a Cerisola B., Humberto  |e author  |9 437355 
245 1 0 |a Biotecnología para la esterilización y producción de monosexo en salmónidos 
300 |a pág. irreg 
942 |c BK 
945 |d 19991223 00:00:00  |a vberengu 
260 |a Valparaíso  |b OTT  |c 1999 
650 0 |a Biotecnología   |9 259561 
650 7 |a ESTERILIZACION  |2 CL-VaPUC  |9 324904 
650 7 |a PECES  |2 CL-VaPUC  |9 437356 
650 7 |a SALMONIDOS  |2 CL-VaPUC  |9 262115 
583 |a last modification  |c 20150327 11:48:14  |k Rodrigo Vera 
490 0 |a Manuales de Innovación Tecnológica para la Acuicultura, 3 
999 |c 284835  |d 284833